000 00819 a2200205 4500
001 41324
005 20260407155707.0
008 260407a1980 arg spa d
003 AR-UNSa-BCEJYS
040 _aAR-UNSa-BCEJYS
_bspa
_cAR-UNSa-BCEJYS
080 _a331.105.44
_xOrganizaciones de empleados. Sindicatos
245 1 0 _aDerecho de las asociaciones gremiales
_pLey 22.105 y su reglamentación
264 1 _aBuenos Aires :
_bLa Ley
_c1980
300 _a190 p.
_c24 cm.
505 _aParte Primera: Teoría y evolución del derecho de las asociaciones profesionales - 1. Concepto. Fundamentos y evolución histórica - 2. Principios y formas de constitución y funcionamiento. La libertad sindical
041 _aspa
942 _cBK
590 _aniveau_biblio:m niveau_hierar:0
100 1 _aLópez, Guillermo A.F.
999 _c3467
_d3467